00474nam a2200169Ia 4500003000400000008004100004040001600045082001300061100002500074245008600099700002200185700002100207260002900228300001100257650001400268650002200282GCL140319s9999 xx 000 0 eng d aGCL / cGCL04a547bF V1 aHANNAFORD, ANTONY J.10aVOGEL'S TEXTBOOK OF PRACTICAL ORGANIC CHEMISTRY, 5TH ED. / cHANNAFORD, ANTONY J.1 aSMITH, PETER W.G.1 aFURNISS, BRIAN S a[S.N] : bELBS ، c1989 a1514 P04aCHEMISTRY04aORGANIC CHEMISTRY